MARC

LEADER 00000nam0a2200000 4500
001 303234
005 20231102001601.0
035 |a (RuTPU)RU\TPU\book\328455 
090 |a 303234 
100 |a 20150901d1983 km y0rusy50 ca 
101 0 |a rus 
102 |a RU 
105 |a y z 001zy 
200 1 |a Алгебраическое операционное исчисление и его приложения  |h Ч. 2  |f Р. М. Малаховская 
210 |a Томск  |c Изд-во Томского ун-та  |d 1983 
215 |a 215 с. 
320 |a Библиогр.: с. 205-215 
606 1 |a Операционное исчисление  |2 stltpush  |3 (RuTPU)RU\TPU\subj\47057  |9 66124 
610 1 |a приложения 
610 1 |a обобщенные функции 
610 1 |a операторы 
610 1 |a дифференциальное исчисление 
610 1 |a интегральное исчисление 
610 1 |a операторы 
610 1 |a операторные уравнения 
610 1 |a преобразование Фурье 
675 |a 517.445  |v 4 
700 1 |a Малаховская  |b Р. М.  |g Роза Михайловна 
801 1 |a RU  |b 63413507  |c 20150901 
801 2 |a RU  |b 63413507  |c 20190412  |g RCR 
942 |c BK